00691 2200193 4500001002100000005001500021035002500036008004100061245012600102110007000228260007600298300002600374082001700400084002300417650001600440600001600456600001400472990001100486INLIS00000000000007220220527121744 a0010-121900000000072220527 | ind 1 aAbstrak peraturan perundang-undangan bidang pertanian tahun 2015 /cBiro Hukum dan Informasi Publik Kementerian Pertanian1 aINDONESIA. Kementerian Pertanian. Biro Hukum dan Informasi Publik aJakarta :bBiro Hukum dan Informasi Publik Kementerian Pertanian,c2015 aliv, 786 p. ;c21 cm. a63:34(084.3) a63:34(084.3) IND a 4aAGRICULTURE 4aREGULATIONS 4aABSTRACTS abC1264